01897nam a22003018i 4500001001400000003000400014005001700018008004100035010001700076020003100093040003300124050002800157100003100185245006700216250000700283263000900290264003400299300001300333336002600346337002800372338002700400504005100427520080300478776012101281942001201402999001501414952016601429in00024361338OSt20260512141404.0251208s2025 nyu b 001 0 eng  a 2024052198 a9781032422398q(paperback) aDLCbengerdacDLCdMILA_ain aTR897.7 b.A66 A55 20251 aAnnand, Jonathan,eauthor.10aAnimation craft :bfor 3D and 2D animators /cJonathan Annand. a1. a2506 1aNew York :bCRC Press,c2025. apages cm atextbtxt2rdacontent aunmediatedbn2rdamedia avolumebnc2rdacarrier aIncludes bibliographical references and index. a"This book is for those who want to learn the craft or mechanics of animation, how to actually animate a scene from start to finish, or take their animation to the next level. Using over 600 examples, this book answers the questions about the craft of animation that are often not taught in schools or books. Each chapter contains step-by-step examples explaining the principles of animation and how to avoid common problems that occur when animating. This book also teaches you how to critique an animated scene objectively, rather than subjectively - then fix what's wrong with it. Animation Craft for 3D and 2D Animators will be a great resource for any beginner looking to learn the fundamentals of animation, or more experienced animators looking to hone their craft"--cProvided by publisher.08iOnline version:aAnnand, Jonathan.tAnimation craftb1.dNew York : CRC Press, 2025z9781003361893w(DLC) 2024052199 2lcccBK c2655d2655 00102lcc4070aMIUCLbMIUCLcGENd2026-05-12eEmo Book Services Sdn Bhdg232.21l0oTR897.7 .A66 A55 2025p0003616r2026-05-12 14:15:16v232.21w2026-05-12yBK